[Event "UTD GM Invitational"]
[Site "Richardson USA"]
[Date "2012.03.15"]
[Round "8"]
[White "Pavlovic, MilosM"]
[Black "Kacheishvili, G."]
[Result "1/2-1/2"]
[WhiteElo "2478"]
[BlackElo "2612"]
[PlyCount "61"]
[EventDate "2012.03.10"]
[WhiteTeam "UT Dallas Team"]
[BlackTeam "Grandmaster Team"]

1. e4 c6 2. d4 d5 3. Nc3 dxe4 4. Nxe4 Bf5 5. Ng3 Bg6 6. Bc4 e6 7. N1e2 Bd6 8.
Nf4 Nf6 9. c3 Nbd7 10. Qf3 Qc7 11. O-O O-O-O 12. Nxg6 hxg6 13. a4 Kb8 14. a5 a6
15. h3 c5 16. Bb3 Rc8 17. Be3 Qc6 18. Qxc6 Rxc6 19. Rfd1 c4 20. Bc2 Nd5 21. Bc1
N7f6 22. Ne4 Nxe4 23. Bxe4 Kc8 24. Ra4 Kd7 25. Bf3 f6 26. Re1 g5 27. g3 Be7 28.
Kg2 g6 29. Bd2 Rhc8 30. Re2 f5 31. Re5 1/2-1/2

[Event "UTD GM Invitational"]
[Site "Richardson USA"]
[Date "2012.03.16"]
[Round "10"]
[White "Pavlovic, MilosM"]
[Black "Lenderman, A."]
[Result "0-1"]
[WhiteElo "2478"]
[BlackElo "2581"]
[PlyCount "121"]
[EventDate "2012.03.10"]
[WhiteTeam "UT Dallas Team"]
[BlackTeam "Grandmaster Team"]

1. e4 c6 2. d4 d5 3. Nc3 dxe4 4. Nxe4 Bf5 5. Ng3 Bg6 6. Bc4 e6 7. N1e2 Bd6 8.
Nf4 Nf6 9. c3 Nbd7 10. Qf3 Qc7 11. Nxg6 hxg6 12. O-O O-O 13. Bb3 a5 14. Bg5 b5
15. h4 Rfe8 16. Rad1 Rac8 17. Rfe1 a4 18. Bc2 Bxg3 19. fxg3 e5 20. Re2 exd4 21.
Bf4 Qb6 22. Rxd4 Rxe2 23. Qxe2 Re8 24. Qd2 Ne5 25. Bxe5 Rxe5 26. Kh2 c5 27.
Rd8+ Kh7 28. Bd1 Qe6 29. a3 Nd5 30. Bf3 Ne3 31. Qd7 Nf1+ 32. Kg1 Nxg3 33. Qxe6
Rxe6 34. Rb8 Nf5 35. Rxb5 Nxh4 36. Bd5 Re5 37. Rxc5 Nf5 38. c4 Ne3 39. Rb5 Rf5
40. Rb4 Rf1+ 41. Kh2 f5 42. Rxa4 f4 43. Ra6 g5 44. Be4+ Kg8 45. g3 f3 46. g4 f2
47. Kg3 Nd1 48. Bd3 Re1 49. Kg2 Rg1+ 50. Kf3 f1=Q+ 51. Bxf1 Rxf1+ 52. Ke2 Rg1
53. b4 Nb2 54. c5 Kf7 55. b5 Nc4 56. b6 Rb1 57. Kd3 Ne5+ 58. Kd4 Nd7 59. Kd5
Rd1+ 60. Kc6 Ne5+ 61. Kc7 0-1

[Event "UTD GM Invitational"]
[Site "Richardson USA"]
[Date "2012.03.11"]
[Round "2"]
[White "Pavlovic, MilosM"]
[Black "Leon Hoyos, M."]
[Result "0-1"]
[WhiteElo "2478"]
[BlackElo "2569"]
[PlyCount "46"]
[EventDate "2012.03.10"]
[WhiteTeam "UT Dallas Team"]
[BlackTeam "Grandmaster Team"]

1. e4 c5 2. Nf3 Nc6 3. d4 cxd4 4. Nxd4 g6 5. c4 Nf6 6. Nc3 d6 7. Be2 Bg7 8. Be3
O-O 9. O-O Nxd4 10. Bxd4 Bd7 11. Qd2 Bc6 12. f3 a5 13. b3 Nd7 14. Be3 Nc5 15.
Rab1 e6 16. Rfc1 Be5 17. Bf1 Qe7 18. Rc2 f5 19. exf5 Rxf5 20. Bd4 Raf8 21. Ne2
Bxh2+ 22. Kxh2 Rh5+ 23. Kg1 Qh4 0-1

[Event "UTD GM Invitational"]
[Site "Richardson USA"]
[Date "2012.03.14"]
[Round "6"]
[White "Pavlovic, MilosM"]
[Black "Panchanathan, M."]
[Result "1-0"]
[WhiteElo "2478"]
[BlackElo "2557"]
[PlyCount "75"]
[EventDate "2012.03.10"]
[WhiteTeam "UT Dallas Team"]
[BlackTeam "Grandmaster Team"]

1. e4 e5 2. Nf3 Nc6 3. Bb5 a6 4. Ba4 Nf6 5. O-O Be7 6. d3 b5 7. Bb3 d6 8. a4
Rb8 9. axb5 axb5 10. c3 O-O 11. Nbd2 Bb7 12. Re1 Ra8 13. Rxa8 Qxa8 14. Nf1 Na5
15. Bc2 c5 16. Ng3 Bc8 17. d4 Nc6 18. Nf5 Bxf5 19. exf5 exd4 20. cxd4 Re8 21.
dxc5 dxc5 22. b3 Bf8 23. Rxe8 Qxe8 24. Bd3 Nb4 25. Bf1 Nbd5 26. Qd3 Nc7 27. h3
Nfd5 28. Bd2 Qa8 29. g4 h6 30. h4 Nb6 31. Ne5 Qe8 32. f4 f6 33. Ng6 c4 34. Qd4
Qc6 35. Nxf8 Kxf8 36. Qd8+ Kf7 37. Bb4 Ne8 38. Bg2 1-0

[Event "UTD GM Invitational"]
[Site "Richardson USA"]
[Date "2012.03.12"]
[Round "4"]
[White "Pavlovic, MilosM"]
[Black "Robson, R."]
[Result "0-1"]
[WhiteElo "2478"]
[BlackElo "2606"]
[PlyCount "52"]
[EventDate "2012.03.10"]
[WhiteTeam "UT Dallas Team"]
[BlackTeam "Grandmaster Team"]

1. e4 e6 2. d4 d5 3. Nc3 Bb4 4. e5 c5 5. a3 Ba5 6. Qg4 Ne7 7. Qxg7 Rg8 8. Qxh7
cxd4 9. b4 Bc7 10. Nb5 Bxe5 11. Nf3 Rh8 12. Qd3 Bf6 13. Bf4 Ng6 14. Nc7+ Kf8
15. Bg3 e5 16. Nxa8 e4 17. Qb3 exf3 18. O-O-O Nc6 19. Nc7 Nge5 20. Nb5 d3 21.
gxf3 a6 22. f4 Nc4 23. cxd3 Nb6 24. Nc3 Nd4 25. Qb2 Bf5 26. Bg2 Nb5 0-1

[Event "UTD GM Invitational"]
[Site "Richardson USA"]
[Date "2012.03.10"]
[Round "1"]
[White "Robson, R."]
[Black "Chirila, I."]
[Result "1-0"]
[WhiteElo "2606"]
[BlackElo "2539"]
[PlyCount "71"]
[EventDate "2012.03.10"]
[WhiteTeam "Grandmaster Team"]
[BlackTeam "UT Dallas Team"]

1. e4 c5 2. Nf3 Nc6 3. d4 cxd4 4. Nxd4 Qb6 5. Nb3 Nf6 6. Nc3 e6 7. Bd3 Qc7 8.
f4 d6 9. Be3 a6 10. Qf3 Be7 11. g4 Nd7 12. g5 b5 13. O-O-O Nb4 14. Kb1 Bb7 15.
Qh3 O-O 16. Rhg1 Nxd3 17. cxd3 b4 18. Ne2 Nc5 19. f5 exf5 20. exf5 Qd7 21. Nbd4
Rfc8 22. Rg4 Bd5 23. b3 Nxb3 24. axb3 Bxb3 25. Nxb3 Qa4 26. Nec1 Rc3 27. Rc4
Rxb3+ 28. Nxb3 Qxb3+ 29. Kc1 d5 30. g6 h6 31. gxf7+ Kh7 32. Rc6 Bf6 33. Kd2 Rf8
34. Qh5 Qb2+ 35. Ke1 Qe5 36. Re6 1-0

[Event "UTD GM Invitational"]
[Site "Richardson USA"]
[Date "2012.03.14"]
[Round "7"]
[White "Robson, R."]
[Black "Iotov, V."]
[Result "1-0"]
[WhiteElo "2606"]
[BlackElo "2560"]
[PlyCount "89"]
[EventDate "2012.03.10"]
[WhiteTeam "Grandmaster Team"]
[BlackTeam "UT Dallas Team"]

1. e4 c6 2. d4 d5 3. exd5 cxd5 4. c4 Nf6 5. Nc3 Nc6 6. Bg5 Be6 7. Be2 Qa5 8. c5
Ne4 9. Bd2 Qc7 10. Be3 Rd8 11. Bd3 g6 12. Nge2 Bg7 13. O-O Bf5 14. Nb5 Qc8 15.
f3 a6 16. Na3 Nf6 17. Bxf5 Qxf5 18. Nc2 O-O 19. b4 b6 20. a4 bxc5 21. dxc5 e5
22. f4 d4 23. fxe5 Qxe5 24. Bf4 Qd5 25. Qd3 Ng4 26. Kh1 Nge5 27. Bxe5 Nxe5 28.
Qxd4 Qb3 29. Qc3 Qxc3 30. Nxc3 Nc4 31. Rf3 Rd2 32. Rc1 Rfd8 33. Ne1 Ne5 34. Rg3
Bh6 35. b5 axb5 36. axb5 Rf2 37. Kg1 Rb2 38. Rc2 Rxc2 39. Nxc2 Rd2 40. Nb4 Bf8
41. c6 Nc4 42. c7 Nb6 43. Nbd5 Nc8 44. Kf1 Bc5 45. Ne4 1-0

[Event "UTD GM Invitational"]
[Site "Richardson USA"]
[Date "2012.03.14"]
[Round "6"]
[White "Sadorra, J."]
[Black "Lenderman, A."]
[Result "0-1"]
[WhiteElo "2525"]
[BlackElo "2581"]
[PlyCount "124"]
[EventDate "2012.03.10"]
[WhiteTeam "UT Dallas Team"]
[BlackTeam "Grandmaster Team"]

1. c4 e6 2. Nf3 Nf6 3. g3 d5 4. Bg2 dxc4 5. Qa4+ c6 6. Qxc4 b5 7. Qc2 Bb7 8.
Nc3 Nbd7 9. O-O a6 10. a4 Rc8 11. d3 Be7 12. e4 O-O 13. Rd1 Qb6 14. Be3 c5 15.
axb5 axb5 16. Qe2 Rfd8 17. Rdb1 Ng4 18. Bf4 Bf6 19. Ng5 Nge5 20. Rd1 h6 21. Nh3
Nc6 22. Qh5 Nde5 23. Bxe5 Nxe5 24. Nf4 Rd7 25. Qe2 Rcd8 26. Bf1 g6 27. Qe3 Bg7
28. Rac1 Rd6 29. h3 c4 30. dxc4 Qxe3 31. fxe3 bxc4 32. Rxd6 Rxd6 33. Rc2 Nf3+
34. Kf2 Nd2 35. Bg2 Bxc3 36. e5 Bxe5 37. Bxb7 Rb6 38. Bg2 Rxb2 39. Rxb2 Bxb2
40. Ke2 Nb1 41. Kd1 Na3 42. Ne2 Be5 43. Kd2 Nb5 44. g4 Nd6 45. Bc6 f5 46. Ng1
Kf7 47. Ke2 Kf6 48. Kf3 Bb2 49. Ne2 e5 50. gxf5 gxf5 51. Ng3 e4+ 52. Kf2 Be5
53. Ne2 Kg5 54. Ba4 c3 55. Bb3 Nb5 56. Ke1 Kh4 57. Be6 Nd6 58. Ng1 Kg3 59. Kf1
c2 60. Ne2+ Kf3 61. Bb3 Kxe3 62. Bxc2 f4 0-1

[Event "UTD GM Invitational"]
[Site "Richardson USA"]
[Date "2012.03.15"]
[Round "8"]
[White "Sadorra, J."]
[Black "Leon Hoyos, M."]
[Result "0-1"]
[WhiteElo "2525"]
[BlackElo "2569"]
[PlyCount "65"]
[EventDate "2012.03.10"]
[WhiteTeam "UT Dallas Team"]
[BlackTeam "Grandmaster Team"]

1. Nf3 c5 2. c4 g6 3. g3 Bg7 4. Bg2 Nc6 5. Nc3 d6 6. O-O Nf6 7. d4 cxd4 8. Nxd4
Bd7 9. c5 dxc5 10. Nxc6 Bxc6 11. Bxc6+ bxc6 12. Qc2 O-O 13. Na4 Qc8 14. Bg5 Rd8
15. Nxc5 Nd5 16. e4 h6 17. Bd2 Nc7 18. Ba5 Rd6 19. Rad1 Nb5 20. f4 Bd4+ 21. Kh1
Bxc5 22. Qxc5 Qg4 23. Rxd6 Nxd6 24. Qd4 Qe6 25. Re1 Nb5 26. Qc5 Qxa2 27. Qxc6
Rb8 28. Bb4 Qxb2 29. Bxe7 Nd4 30. Qc4 Nf3 31. Re2 Nd2 32. Qc5 Qa1+ 33. Kg2 0-1

[Event "UTD GM Invitational"]
[Site "Richardson USA"]
[Date "2012.03.11"]
[Round "2"]
[White "Sadorra, J."]
[Black "Panchanathan, M."]
[Result "1-0"]
[WhiteElo "2525"]
[BlackElo "2557"]
[PlyCount "83"]
[EventDate "2012.03.10"]
[WhiteTeam "UT Dallas Team"]
[BlackTeam "Grandmaster Team"]

1. Nf3 Nf6 2. c4 e6 3. g3 d5 4. Bg2 dxc4 5. Qa4+ Nbd7 6. Qxc4 c5 7. O-O b6 8.
d4 Bb7 9. Rd1 cxd4 10. Bg5 Qc8 11. Qxc8+ Rxc8 12. Nxd4 Bxg2 13. Kxg2 Ne4 14.
Be3 Bc5 15. f3 Nd6 16. Nc3 Nc4 17. Bc1 a6 18. Ne4 Nf6 19. Nxc5 bxc5 20. Nc2 O-O
21. b3 Nb6 22. Rd6 Rb8 23. Bf4 Nfd5 24. Ne3 a5 25. Rc1 Nxf4+ 26. gxf4 Rfc8 27.
Nc4 Nd5 28. Kg3 h5 29. e4 Nb4 30. Nb6 Rc7 31. a3 h4+ 32. Kg4 Rc6 33. Rxc6 Nxc6
34. Nd7 Rxb3 35. Rxc5 Ne7 36. Rxa5 f5+ 37. Kg5 Kf7 38. Ne5+ Kg8 39. Ra7 fxe4
40. Rxe7 exf3 41. Kg6 Kf8 42. Rxe6 1-0

[Event "UTD GM Invitational"]
[Site "Richardson USA"]
[Date "2012.03.16"]
[Round "10"]
[White "Sadorra, J."]
[Black "Robson, R."]
[Result "1-0"]
[WhiteElo "2525"]
[BlackElo "2606"]
[PlyCount "77"]
[EventDate "2012.03.10"]
[WhiteTeam "UT Dallas Team"]
[BlackTeam "Grandmaster Team"]

1. c4 Nf6 2. Nc3 d5 3. cxd5 Nxd5 4. Nf3 g6 5. h4 Bg7 6. h5 Nc6 7. g3 Bf5 8. Bg2
Qd7 9. Ng5 Nb6 10. d3 Rd8 11. Bd2 Ne5 12. h6 Bf6 13. Nge4 c6 14. Qb3 O-O 15.
Nxf6+ exf6 16. O-O Rfe8 17. Rad1 Nd5 18. e4 Nxc3 19. Bxc3 Bh3 20. f3 c5 21. d4
Nxf3+ 22. Rxf3 Bg4 23. Rfd3 Qc7 24. dxc5 Bxd1 25. Qxd1 Qxc5+ 26. Rd4 Rd6 27.
Kh2 Red8 28. Rd5 Rxd5 29. exd5 Qe3 30. Bxf6 Qxh6+ 31. Bh3 Rd6 32. Be7 Rb6 33.
Qc2 f5 34. d6 Rc6 35. Qe2 Kf7 36. d7 Rc2 37. d8=N+ Ke8 38. Qxc2 Kxe7 39. Nxb7
1-0